| 000 | 01141cam a22002655a 4500 | ||
|---|---|---|---|
| 001 | L158342 | ||
| 008 | 150113s2015 xxk f 000 0 eng d | ||
| 020 | _a9781785440373 | ||
| 035 | _a(Sirsi) u158342 | ||
| 041 | 0 | _aeng | |
| 100 | 1 | _aBlack, Carolyn | |
| 245 | 0 | 0 |
_aResearch to Inform the Five Year Review of the Home Report _h[electronic resource] |
| 260 |
_a[S.l.] _bScottish Government _c2015 |
||
| 520 | _aOutlines the findings of research undertaken by Ipsos Mori and Retties and Co based on responses to the Scottish Government public consultation on its evaluation of the Home Report in Scotland launched in December 2013 five years after its introduction in December 2008. Consultation closed on 6 March 2014 and the responses were included in the research. | ||
| 590 | _aKA | ||
| 650 | 2 | 4 | _aHOME REPORT |
| 651 | 4 | _aScotland | |
| 690 |
_aSurvey reports _96270 |
||
| 690 |
_aValuation _96273 |
||
| 700 | 1 | _aDiffley, Mark | |
| 700 | 1 | _aSetterfield, Lucy | |
| 700 | 1 | _aBoyle, John | |
| 856 | 4 | 0 |
_uhttps://www.scotland.gov.uk/Resource/0046/00467130.pdf _zView the item free of charge from www.scotland.gov.uk |
| 942 | _n0 | ||
| 999 |
_c115272 _d115272 |
||